|
|
|
|
| LEADER |
02227nam a2200349 a 4500 |
| 001 |
0017969 |
| 003 |
BD-DhAAL |
| 008 |
090715s2002 enk b 001 1 eng d |
| 010 |
|
|
|a \\2001025933
|
| 020 |
|
|
|a 0521770440 (hardback)
|
| 020 |
|
|
|a 0521779421 (pbk.)
|
| 020 |
|
|
|a 9780521770446
|
| 020 |
|
|
|a 9780521770425
|
| 040 |
|
|
|a DLC
|c DLC
|d DLC
|d BD-DhAAL
|
| 082 |
0 |
0 |
|a 822.33
|2 21
|
| 245 |
0 |
4 |
|a The Cambridge companion to Shakespearean comedy /
|c edited by Alexander Leggatt.
|
| 246 |
3 |
0 |
|a Shakespearean comedy
|
| 260 |
|
|
|a Cambridge, U.K. ;
|a New York :
|b Cambridge University Press,
|c 2002.
|
| 300 |
|
|
|a xviii, 237 p. ;
|c 24 cm
|
| 490 |
|
0 |
|a Cambridge companions to literature
|
| 504 |
|
|
|a Includes bibliographical references (pages 230-233) and index.
|
| 505 |
8 |
|
|a Machine generated contents note: Part 1: Shakespeare and comic tradition -- 1 Theories of comedy -- DAVID GALBRAITH -- 2 Roman comedy -- ROBERT S. MIOLA -- 3 Italian stories on the stage -- LOUISE GEORGE CLUBB -- 4 Elizabethan comedy -- JANETTE DILLON -- 5 Popular festivity -- FRANCOIS LAROQUE --Part 2: Shakespearean comedy -- 6 Forms of confusion -- JOHN CREASER -- 7 Love and courtship -- CATHERINE BATES -- 8 Laughing at "others" -- EDWARD BERRY -- 9 Comedy and sex -- ALEXANDER LEGGATT -- 10 Language and comedy -- LYNNE MAGNUSSON -- 11 Sexual disguise and the theatre of gender -- BARBARA HODGDON -- 12 Matters of state -- ANTHONY MILLER -- 13 The experiment of romance -- MICHAEL O'CONNELL.
|
| 526 |
|
|
|a ENH
|
| 541 |
1 |
|
|e 0017969
|a D. S. Books International
|
| 600 |
1 |
0 |
|a Shakespeare, William,
|d 1564-1616
|x Comedies
|v Handbooks, manuals, etc.
|9 58040
|
| 650 |
|
0 |
|a Comedy
|v Handbooks, manuals, etc.
|9 58041
|
| 700 |
1 |
|
|a Leggatt, Alexander.
|9 58042
|
| 852 |
4 |
|
|a Ayesha Abed Library
|c General Stacks
|
| 942 |
|
|
|2 ddc
|c BK
|
| 999 |
|
|
|c 2468
|d 2468
|
| 952 |
|
|
|0 0
|1 0
|2 ddc
|4 0
|6 822_330000000000000_CAM_2002
|7 0
|9 10869
|a BRACUL
|b BRACUL
|c GEN
|d 2010-06-10
|e D. S. Books International
|l 1
|o 822.33 CAM
|p 3010017969
|r 2019-03-10
|s 2019-03-05
|w 2010-06-10
|y BK
|x USD 39.24
|
| 952 |
|
|
|0 0
|1 0
|2 ddc
|4 0
|6 822_330000000000000_CAM
|7 0
|9 18154
|a BRACUL
|b BRACUL
|c GEN
|d 2011-09-20
|e D. S. Books International
|l 1
|m 1
|o 822.33 CAM
|p 3010017970
|r 2026-04-30
|s 2026-04-12
|t 2
|w 2011-09-20
|y BK
|x USD 39.24
|